|
|
|
|
| LEADER |
00000nab a2200000 a 4500 |
| 001 |
vtls009170043 |
| 003 |
SK-MaSNL |
| 005 |
20260304160114.0 |
| 008 |
250507c2007 xo qr p 000 c0slo |
| 015 |
|
|
|a SNBRB2008/01
|
| 035 |
|
|
|a (uuid)f88ec30b-307f-4254-87a6-e4531cfe0483
|
| 035 |
|
|
|a urn:nbn:sk:snk-abc2o2
|
| 035 |
|
|
|a (urnnbn)urn:nbn:sk:snk:ar-001air
|
| 038 |
|
|
|a SVKPOCL
|
| 040 |
|
|
|a SNKBUCL
|b slo
|c SNKBUCL
|e AACR2
|
| 041 |
0 |
|
|a ukr
|
| 044 |
|
|
|a xo
|c SK
|
| 080 |
|
|
|a 75.071.1
|2 2001
|
| 080 |
|
|
|a 929 Kolisnyk, Prokip
|2 2001
|
| 100 |
1 |
|
|a Herasym`juk, Vasyl'
|4 aut
|9 956457
|
| 245 |
1 |
0 |
|a Pivstolittja Prokopa Kolisnyka
|c Vasyl' Herasym`juk
|
| 600 |
1 |
7 |
|a Kolisnyk, Prokip,
|d 1957-
|2 svkpocl
|9 107928
|
| 650 |
0 |
7 |
|a maliari
|2 svkpocl
|9 3150
|
| 650 |
0 |
7 |
|a výtvarné umenie
|x osobnosti
|2 svkpocl
|9 1364703
|
| 651 |
|
7 |
|a Potašňa (Ukrajina)
|2 svkpocl
|9 252608
|
| 651 |
|
7 |
|a Prešov (Slovensko)
|2 svkpocl
|9 17347
|
| 655 |
|
7 |
|a biografie
|2 svkpocl
|9 27965
|
| 773 |
0 |
|
|t Duklja
|g Rič. 55 , No 4 (2007), s. 71-72
|
| 850 |
|
|
|a Slovenská národná knižnica
|
| 852 |
|
|
|a Slovenská národná knižnica
|
| 958 |
|
|
|a article15
|
| 958 |
|
|
|a UK
|
| 958 |
|
|
|a BX
|
| 958 |
|
|
|a UA
|
| 958 |
|
|
|a SK
|
| 958 |
|
|
|a OND
|
| 958 |
|
|
|a EUIPO
|
| 999 |
|
|
|c 2965513
|d 2967443
|